| 000 | 01137nam a22002777a 4500 | ||
|---|---|---|---|
| 005 | 20110127111440.0 | ||
| 008 | 110127t xxu||||| |||| 00| 0 hin d | ||
| 010 | _aHIN-91678 | ||
| 020 |
_c300.00 _a9788128827662 |
||
| 035 | _aHN-64024 | ||
| 037 | _bDBAD / PUB | ||
| 040 |
_aDPL _bHN |
||
| 082 | _a158.1 | ||
| 100 |
_925632 _aशशिकांत सदैव |
||
| 245 |
_aसीखे जीवनः जीने की कला / _cशशिकांत सदैव |
||
| 246 |
_aSikhen jivan jine ki kala _bby Shashi Kant 'Sadav' |
||
| 260 |
_aगाजियाबाद _bनीरा प्रकाशन _c2010 |
||
| 270 |
_aके-जी-63, न्यू कवि नगर _bगाजियाबाद (उ.प्र.) |
||
| 300 |
_a205पृ. _c22सेमी (सजिल्द) |
||
| 650 | _9657 | ||
| 650 | _925656 | ||
| 700 | _925634 | ||
| 700 | _925670 | ||
| 942 |
_2ddc _cHN _h158.1 _mशशिकां |
||
| 999 |
_c50209 _d50209 |
||